Geografi manusia dan ekonomi (Record no. 6909)

MARC details
000 -LEADER
fixed length control field 00757nam a2200265 i 4500
001 - CONTROL NUMBER
control field C2-0055616
003 - CONTROL NUMBER IDENTIFIER
control field PPAK
005 - DATE AND TIME OF LATEST TRANSACTION
control field 20190630222103.0
008 - FIXED-LENGTH DATA ELEMENTS--GENERAL INFORMATION
fixed length control field 970227s1979 my a|||| ||||| | may d
040 ## - CATALOGING SOURCE
Original cataloging agency PPAK
Language of cataloging eng
Transcribing agency PPAK
Description conventions rda
082 04 - DEWEY DECIMAL CLASSIFICATION NUMBER
Classification number 910.133
Edition number 23
090 00 - LOCALLY ASSIGNED LC-TYPE CALL NUMBER (OCLC); LOCAL CALL NUMBER (RLIN)
Classification number (OCLC) (R) ; Classification number, CALL (RLIN) (NR) 910.133
Feature heading GOH
Feature heading KIH
Classification number (OCLC) (R) ; Classification number, CALL (RLIN) (NR) 910.133
Feature heading GOH
Feature heading KSI
100 1# - MAIN ENTRY--PERSONAL NAME
Personal name Goh, Cheng Leong,
Relator term author
245 10 - TITLE STATEMENT
Title Geografi manusia dan ekonomi
264 #1 - PRODUCTION, PUBLICATION, DISTRIBUTION, MANUFACTURE, AND COPYRIGHT NOTICE
Place of production, publication, distribution, manufacture Kuala Lumpur :
Name of producer, publisher, distributor, manufacturer Dewan Bahasa dan Pustaka ,
Date of production, publication, distribution, manufacture, or copyright notice 1979 ; 1982
300 ## - PHYSICAL DESCRIPTION
Extent xxvi, 587 pages ; xxvi, 86 pages :
Other physical details illustrations ;
Dimensions 22 cm
336 ## - CONTENT TYPE
Source rdacontent
Content type term text
337 ## - MEDIA TYPE
Source rdamedia
Media type term unmediated
338 ## - CARRIER TYPE
Source rdacarrier
Carrier type term volume
500 ## - GENERAL NOTE
General note Jil. 2
650 10 - SUBJECT ADDED ENTRY--TOPICAL TERM
Topical term or geographic name entry element Anthropo - Geography
700 ## - ADDED ENTRY--PERSONAL NAME
Relator term author
942 ## - ADDED ENTRY ELEMENTS (KOHA)
-- dc
Koha item type Book
Holdings
Withdrawn Not for loan Current library Shelving location Date acquired Total Checkouts Full call number Barcode Date last seen Koha item type
  Not For Loan Perpustakaan Alor Setar Koleksi Ismail Hussein 10/10/1998   KIH 910.133 GOH A00178266 08/05/2018 Book
  Not For Loan Perpustakaan Alor Setar Koleksi Salleh Ibrahim 05/11/2000   KSI 910.133 GOH A00210772 08/05/2018 Book